Football, Ballon d'Or: Retrouver les joueurs français classés dans les 3 premiers - Statistiques

Statistiques générales
  • Ce quiz a été pris 17 515 fois
    1 871 depuis la dernière actualisation
  • Le résultat moyen est 11 sur 14
Statistiques - réponses
Réponse % Correct
Karim Benzema
98%
Ousmane Dembélé
98%
Zinedine Zidane
98%
Kylian Mbappé
96%
Antoine Griezmann
95%
Michel Platini
92%
Franck Ribéry
90%
Thierry Henry
90%
Jean-Pierre Papin
78%
Just Fontaine
68%
Raymond Kopa
68%
Eric Cantona
42%
Alain Giresse
24%
Jean Tigana
20%
Aucun quiz correspondant
Distribution des résultats
% des personnes avec chaque résultat
Percentile par nombre de réponses
Votre historique - résultats
Vous n’avez pas pris ce quiz depuis la dernière actualisation